01672cam a2200385 a 4500003000500000005001700005008004100022010001000063011001000073035001000083040000900093100003600102245019300138260004100331300002200372500009300394590004100487590004100528590004100569590004200610650002800652650002900680650002700709650003700736650003800773650004100811901000700852905002300859942000900882949006200891949004900953999001701002952014001019952012701159CHAP20220817043800.0010725d2001 mx 00 spa d a84317 a85289 a95822 cCHAP00aReyes Purata, Alejandro.99695103aLa viabilidad del minifundio ante las políticas agrícolas y agrarias del estado (Estudio de caso : Ejido Venustiano Carranza, Mpio. de Cárdenas, Tabasco)c/por Alejandro Reyes Purata aChapingo, Méx. :bEl autor,c2001. a157 h. :bcuadros aTesis (Ing. Agr. Esp. en Sociología Rural) -- UACH. Departamento de Sociología Rural aBATCH-UPDb10c20130110lUCH01h0954 aBATCH-UPDb10c20130410lUCH01h0607 aBATCH-UPDb10c20130914lUCH01h1159 aCONVERSIONb10c20130109lUCH01h134714aDesarrollo sustentable.14aEjidoszMéxico.93603914aPlan Chontalpa.98865614aPolítica agrícolazMéxico.14aReforma agrariazMéxico.99559614aTierrasxTenenciazMéxico.9113215 aBK aLilia Sánchez G. cFOLL aTesisbBCcTESd33724000837399eTS2fc.2h38303i95822sb aTesisbBCcTESd958221eTS1h38302i95822sb c84317d84317 00102local4053708TESISaBCbBCcPA_TESISd2019-12-31fTESISl0oTesisp33724000837399r2019-12-31 00:00:00tc.2w2019-12-31yTESIS 00102local4051708TESISaBCbBCcPA_TESISd2019-12-31fTESISl0oTesisp958221r2019-12-31 00:00:00w2019-12-31yTESIS